000
00288nam a22001217a 4500
008
190312b xxu||||| |||| 00| 0 eng d
041
_a
eng
080
_a
043.3
100
_a
0
101
_a
MEK-BA
245
_a
Komunikimi Wireless dhe menaxhimi i Smart Grid
_c
Gashi,K
942
_2
udc
_c
BK
999
_c
54731
_d
54731